000 00517nam a2200193Ia 4500
005 20250508152909.0
008 008 250505s9999 xx 000 0 eng d
037 _aTextual
040 _aFEDL
_beng
_cFEDL
041 _aeng
_2eng
084 _a325.31, UNI
_qFEDL
245 0 _aBasic facts about the United Nations
245 0 _cUNITED NATIONS
250 _a15th
260 _aNew York, USA
_bUnited Nations
_c1960
300 _a46p.
942 _cTEXL
_h325.31, UNI
999 _c1339483
_d1339483